000 01161nam a2200409 a 4500
001 21965
003 CZ PrNK
005 20260316115210.0
007 ta
008 121030s2012 xr a a 000 1 slo
015 _acnb002413019
020 _a9788025222393
_q(váz.)
035 _a(OCoLC)820695062
040 _aABA001
_bcze
041 1 _aslo
_heng
072 7 _a821-93
_xLiteratura pro děti a mládež (beletrie)
_2Konspekt
080 _a821-32
_2MRF
080 _a821-93
_2MRF
080 _a(0:82-32)
_2MRF
245 0 0 _aCililing a tajomstvo krídiel /
_c[preložila Eva Krupová]
250 _a1. vyd.
260 _aV Prahe :
_bEgmont,
_c2012
300 _a63 s. :
_bbarev. il. ;
_c30 cm
490 1 _aDisney. Víly
500 _aPřeloženo z angličtiny?
500 _aDotisk v roce 2015
500 _aNázev z obálky
655 7 _apříběhy
_2czenas
655 7 _apublikace pro děti
_2czenas
655 9 _astories
_2eczenas
655 9 _achildren's literature
_2eczenas
765 0 _tSecret of the wings
830 0 _aDisney.
_pVíly
901 _b9788025222393
_f1. vyd.
_o20121101
910 _aABA001
942 _2ddc
_cKLDE
_n0
999 _c21965
_d21965